000 00385pab a2200157 454500
008 180718b1997 xxu||||| |||| 00| 0 eng d
100 _aThakker, Ajit R.
245 _aLabour legislation in independent India
260 _c1997
300 _ap.69-71
362 _aGolden Jublee Number
650 _aLabour law - India
650 _aLabour law
773 _aJanata
909 _a35500
999 _c35500
_d35500